Political and Cultural History of Modern Europe (Record no. 8924)

MARC details
000 -LEADER
fixed length control field 00429nam a2200145Ia 4500
008 - FIXED-LENGTH DATA ELEMENTS--GENERAL INFORMATION
fixed length control field 211109s9999||||xx |||||||||||||| ||und||
082 ## - DEWEY DECIMAL CLASSIFICATION NUMBER
Classification number 940
Item number HAY-P
100 ## - MAIN ENTRY--PERSONAL NAME
Personal name Hayes, Carlton G H
245 #0 - TITLE STATEMENT
Title Political and Cultural History of Modern Europe
260 ## - PUBLICATION, DISTRIBUTION, ETC.
Name of publisher, distributor, etc. Mcmillan
Place of publication, distribution, etc. Nbewyork
Date of publication, distribution, etc. 1936
300 ## - PHYSICAL DESCRIPTION
Extent 541p.
630 ## - SUBJECT ADDED ENTRY--UNIFORM TITLE
General subdivision General Stack
650 ## - SUBJECT ADDED ENTRY--TOPICAL TERM
Topical term or geographic name entry element History & geography
942 ## - ADDED ENTRY ELEMENTS (KOHA)
Koha item type BOOK
650 ## - SUBJECT ADDED ENTRY--TOPICAL TERM
Form subdivision History of europeHistory of europe
General subdivision Generalia
Holdings
Withdrawn status Lost status Damaged status Not for loan Home library Current library Date acquired Cost, normal purchase price Total Checkouts Full call number Barcode Shelving location Date last seen Price effective from Koha item type
        SB LIBRARY SB LIBRARY 09/11/2021 100.00   940 HAY-P 00009445 GENERAL STACK 09/11/2021 09/11/2021 BOOK

Powered by Koha